000
00280nam a2200145Ia 4500
100
_a
Singh Khushwant
650
_a
Ficiton
942
_c
BK
366
_f
20
245
_a
Train to Pakistan
260
_b
Ravi Dhayal
_c
2007
300
_a
190
546
_a
ENGLISH
999
_c
30440
_d
30440